[Event "NOR-chT Clubs"]
[Site "Drammen"]
[Date "2022.05.26"]
[Round "2"]
[White "Dahli, Vincent"]
[Black "Myrdal, Henrik"]
[Result "1-0"]
[WhiteElo "1688"]
[BlackElo "1262"]
[PlyCount "49"]
[EventDate "2022.05.26"]
[EventType "team-swiss"]
[EventRounds "6"]
[EventCountry "NOR"]
[SourceTitle "EXT 2024"]
[Source "ChessBase"]
[SourceDate "2023.10.10"]
[SourceVersion "1"]
[SourceVersionDate "2023.10.10"]
[SourceQuality "1"]
[WhiteTeam "Tonsberg"]
[BlackTeam "Asker IV"]
[WhiteTeamCountry "NOR"]
[BlackTeamCountry "NOR"]

1. d4 Nf6 2. c4 g6 3. Nc3 Bg7 4. e4 d6 5. Nf3 0-0 6. Be2 Nbd7 7. 0-0 e5 8. h3 exd4 9. Nxd4 Nc5 10. f3 a5 11. Be3 Bd7 12. Qd2 a4 13. Rfd1 Re8 14. Ndb5 Bxb5 15. Nxb5 Nfd7 16. Rab1 b6 17. Qd5 Ne5 18. Bxc5 bxc5 19. f4 c6 20. Qxd6 Nxc4 21. Qxc5 Nd2 22. Nd6 Ra5 23. Qxc6 Nxb1 24. Qxe8+ Qxe8 25. Nxe8 1-0

[Event "NOR-chT Clubs"]
[Site "Drammen"]
[Date "2022.05.26"]
[Round "4"]
[White "Dale, Marius Hag"]
[Black "Dahli, Vincent"]
[Result "0-1"]
[WhiteElo "1228"]
[BlackElo "1688"]
[PlyCount "48"]
[EventDate "2022.05.26"]
[EventType "team-swiss"]
[EventRounds "6"]
[EventCountry "NOR"]
[SourceTitle "EXT 2024"]
[Source "ChessBase"]
[SourceDate "2023.10.10"]
[SourceVersion "1"]
[SourceVersionDate "2023.10.10"]
[SourceQuality "1"]
[WhiteTeam "Eiker II"]
[BlackTeam "Tonsberg"]
[WhiteTeamCountry "NOR"]
[BlackTeamCountry "NOR"]

1. Nf3 d5 2. c4 c6 3. d4 Nf6 4. Nc3 dxc4 5. a4 Bf5 6. Bf4 e6 7. e3 Bb4 8. Bxc4 Qa5 9. Qb3 b5 10. Be2 Nd5 11. 0-0 Nxc3 12. bxc3 Bxc3 13. Rac1 b4 14. Rxc3 bxc3 15. Bxb8 0-0 16. Bg3 Rac8 17. Rc1 c2 18. Bd3 Bxd3 19. Qxd3 Qxa4 20. Qxc2 Qxc2 21. Rxc2 Rfd8 22. Ra2 c5 23. dxc5 Rd1+ 24. Ne1 Rxe1# 0-1